00481nam a2200181Ia 45000030006000000050017000060080041000230400009000640410012000730820013000851000019000982450048001172600009001653000007001749420007001819990017001889520094002050Nust20170105110305.0161124s9999 xx 000 0 und d cIGIS aEnglish a823bWAS aWasima Shahzad aIntroduction Geographic information Systems c2000 a65 cBK c31436d31436 001040708TextaIGISbIGISd0000-00-00l0o823WASpIGIS1344r2017-01-05w0000-00-00yBK